| 000 | 00769nam a22002057a 4500 | ||
|---|---|---|---|
| 999 |
_c17293 _d17293 |
||
| 003 | AR-CdUCM | ||
| 008 | 190508b ||||| |||| 00| 0 spa d | ||
| 040 |
_aMUNICIPALIDAD PROVINCIAL DEL CUSCO _cBIBLIOTECA MUNICIPAL DEL CUSCO |
||
| 082 |
_25ed. _a192 / _bR96 |
||
| 100 |
_aRussell, Bertrand _916285 |
||
| 245 |
_aPor que no soy cristiano : _bY otros ensayos sobe asuntos relacionados con la religión / |
||
| 260 |
_aMéxico : _bHermes, _c1965. |
||
| 300 |
_a251 páginas ; _c21 cm. |
||
| 505 | _aContenido : Por que no soy cristiano -- ¿A hecho la religión contribuciones útiles a la civilización? -- Lo que creo ... | ||
| 650 |
_aReligión _91195 |
||
| 650 |
_aIdealismo _9695 |
||
| 650 |
_aHistoria _9136 |
||
| 942 |
_2ddc _cLIBROS |
||
| 945 |
_arah _d08/05/2019 |
||